• 首页
  • 本馆介绍
  • 公告通知
  • 最新文献
  • 馆藏检索
  • 电子资源
  • 读者导购
  • 参考咨询
  • 我的图书馆
  • 登录
  • 详细信息显示
  • 放入我的书架
  • 预约/预借图书
  • 作者相关作品
  • 分类相关作品
  • 丛书相关作品
  • 出版社相关作品

书目信息

  • 表格格式
  • 工作单格式
  • 卡片格式
题名:
环境地学原理
    
 
作者: 李天杰 编著
分册:  
出版信息: 北京   化学工业出版社  2004
页数: 489页
开本: 24cm
丛书名:
单 册:
中图分类: X14
科图分类:
主题词: 环境地学--研究 , 环境地学
电子资源:
ISBN: 7-5025-5229-4
000 00924nam0 2200265 450
001 012007330998
005 20070522170924.29
010    @a7-5025-5229-4@dCNY56.00
100    @a20070515d2004 km y0chiy0120 ea
101 0  @achi
102    @aCN@b110000
105    @ab z 000yy
106    @ar
200 1  @a环境地学原理@Ahuan jing di xue yuan li@f李天杰等编著@Fli tian jie deng bian zhu
210    @a北京@c化学工业出版社@d2004
215    @a489页@c地图@d24cm
304    @a其余责任者:宁大同、薛纪渝、许嘉琳、杨居荣
330    @a本书着重研究人类-地球环境复合系统内物质、能量和信息的迁移、转化和交换过程,以各子系统与全球变化的关系、生物与环境的协调演化、人文过程对复合系统的影响及作用为重点。
510 1  @aPrinciple of environmental geoscience@zeng
606 0  @a环境地学@x研究
606 0  @a环境地学
690    @aX14@v4
701  0 @a李天杰@Ali tian jie@4编著
801  0 @aCN@bRULIN@c20070522
905    @dX14@e116@s8
    
    环境地学原理/李天杰等编著.-北京:化学工业出版社,2004
    489页:地图;24cm
    
    
    ISBN 7-5025-5229-4:CNY56.00
    本书着重研究人类-地球环境复合系统内物质、能量和信息的迁移、转化和交换过程,以各子系统与全球变化的关系、生物与环境的协调演化、人文过程对复合系统的影响及作用为重点。
●
相关链接 在E读中查询图书 在五车中查询图书 在当当中查询图书 在豆瓣中查询图书


正题名:环境地学原理     索取号:X14/116         预约/预借

序号 登录号 条形码 馆藏地/架位号 状态 备注
1 0574135   205741358   第二样本阅览室/ [索取号:X14/116] 在馆    
2 0574136   205741367   第三借阅区/ [索取号:X14/116] 在馆    
3 0574137   205741376   第三借阅区/ [索取号:X14/116] 在馆    
4 0574138   205741385   第三借阅区/ [索取号:X14/116] 在馆    
5 0574139   205741394   第三借阅区/ [索取号:X14/116] 在馆    
6 0574140   205741401   第三借阅区/ [索取号:X14/116] 在馆    
7 0574141   205741410   第三借阅区/ [索取号:X14/116] 在馆    
8 0574142   205741429   第三借阅区/ [索取号:X14/116] 在馆    
唐山师范学院图书馆 欢迎您!
大连网信软件有限公司© 版权所有